000 00222nam a22000977a 4500
040 _cSK
082 _a338
245 _aCambodia agricultural development options review (PHASE I)
260 _aCAMBODIA
_bNA
_cNA
942 _cAEDBB
999 _c9589
_d9589